Osem mesiacov tragikomického !legislatívneho vesmírneho divadla"

Podrobná bibliografia
Médium: Článok
Jazyk:slovenčina
Fyzický popis:Tabuľky
ISSN:1335-1796
Predmet:

MARC

LEADER 00000nab a2200000 4500
001 vtls012070182
003 SK-MaSNL
005 20260303100010.0
008 210923|2021 xo |||| || ||00 0|slo
015 |a SNBRB2021/09 
040 |a SPKCL  |b slo  |e rda 
041 |a slo 
044 |a xo  |c SK 
072 7 |a 37.09  |x Organizácia výučby a vzdelávanie  |2 konspekt 
072 7 |a 342  |x Ústavné právo. Správne právo  |2 konspekt 
080 |a 37.091  |2 2011 
080 |a 342.537.3/.5  |2 2011 
245 0 0 |a Osem mesiacov tragikomického !legislatívneho vesmírneho divadla" 
300 |b Tabuľky 
336 |a text  |b txt  |2 rdacontent 
337 |a bez média  |b n  |2 rdamedia 
338 |a zväzok  |b nc  |2 rdacarrier 
650 0 7 |a školstvo  |2 SNKPH  |9 19712 
650 0 7 |a legislatíva  |2 SNKPH  |9 121217 
773 0 |t Škola : časopis o manažovaní škôl a školských zariadení, ekonomických a právnych aspektoch ich prevádzky  |g Roč. 26, č. 1(2021), s. 2-9  |x 1335-1796 
787 0 8 |i Rec.: 
999 |c 1827631  |d 1829561